ARRUPE JESUIT UNIVERSITY

CORONAVIRUS -STOP THE SPREAD - CLEAN,DISINFECT,COVER

Legends of Charlemagne (Record no. 130138)

MARC details
000 -LEADER
fixed length control field 00458nam a22001457a 4500
008 - FIXED-LENGTH DATA ELEMENTS--GENERAL INFORMATION
fixed length control field 200121b ||||| |||| 00| 0 eng d
050 ## - LIBRARY OF CONGRESS CALL NUMBER
Classification number PN687.C5 B8
100 ## - MAIN ENTRY--PERSONAL NAME
Personal name Bulfinch, Thomas
9 (RLIN) 48929
245 ## - TITLE STATEMENT
Title Legends of Charlemagne
Statement of responsibility, etc Thomas Bulfinch
260 ## - PUBLICATION, DISTRIBUTION, ETC. (IMPRINT)
Place of publication, distribution, etc London
Name of publisher, distributor, etc J.M. Dent and sons
Date of publication, distribution, etc no date
300 ## - PHYSICAL DESCRIPTION
Extent ix, 240p. ;
Dimensions 18cm.
440 ## - SERIES STATEMENT/ADDED ENTRY--TITLE
Title everyman's library
9 (RLIN) 6984
600 ## - SUBJECT ADDED ENTRY--PERSONAL NAME
Personal name Charlemagne, Emperor
Titles and other words associated with a name Romances
General subdivision Adaption
9 (RLIN) 48930
942 ## - ADDED ENTRY ELEMENTS (KOHA)
Source of classification or shelving scheme Library of Congress Classification
Item type Monograph ( Printed materials)
Holdings
Withdrawn status Lost status Source of classification or shelving scheme Damaged status Not for loan Collection code Home library Current library Shelving location Date acquired Total Checkouts Full call number Barcode Date last seen Price effective from Koha item type
    Library of Congress Classification     Main Collection ARRUPE LIBRARY ARRUPE LIBRARY Main Collection 21/01/2020   PN687.C5 B8 46600006147 21/01/2020 21/01/2020 Monograph ( Printed materials)

 

Arrupe Library. PO Box MP320 Mt Pleasant, Harare, Zimbabwe
263 242 745411|librarian@aju.ac.zw